00674nam a2200205 a 450000100060000000300090000600800410001502000150005604000280007108200170009910000340011624500470015026000530019730000110025059000490026165000720031065000570038294200120043999900170045118188CO-ViMGA141112s2004 ck r 000 u spa d a9583800856 aCO-ViMGAbspacCO-ViMGA04a342.86 G184s1 aGaviria Díaz, Carlos92588210aSentencias : bHerejías constitucionales aBogotá, cFondo de cultura económica, c2002 a453.p. aForma de adquisición : Premio - Mincultura14aCOLOMBIA - DERECHO CONSTITUCIONAL - SENTENCIAS - 1993 - 200192588314aSENTENCIAS DE TUTELA - COLOMBIA - 1993 - 2001925884 2ddccBK c27550d27550